000
00229nam a2200097Ia 4500
008
240331s9999 xx 000 0 und d
082
_b
GUN
100
_a
Gunawardana, D
245
4
_a
The Gajaman story :
_b
gajaman puwatha
942
_c
L
999
_c
4460
_d
4460